[Event "Alberta op"]
[Site "Calgary CAN"]
[Date "2012.10.06"]
[Round "2.3"]
[White "Eshleman, Brandon"]
[Black "Kazmaier, Daniel"]
[Result "0-1"]
[WhiteElo "2000"]
[BlackElo "2299"]
[PlyCount "48"]
[GameId "2160767909411891"]
[EventDate "2012.10.06"]
[EventType "swiss"]
[EventRounds "5"]
[EventCountry "CAN"]
[SourceTitle "EXT 2022"]
[Source "ChessBase"]
[SourceDate "2021.10.06"]
[SourceVersion "1"]
[SourceVersionDate "2021.10.06"]
[SourceQuality "1"]

1. f4 Nf6 2. Nf3 g6 3. b3 Bg7 4. Bb2 d5 5. e3 O-O 6. Bd3 c5 7. Nc3 Nc6 8. Qe2 Bg4 9. h3 Bxf3 10. gxf3 e5 11. fxe5 Nxe5 12. O-O-O Rc8 13. f4 Nxd3+ 14. cxd3 d4 15. Ne4 Nxe4 16. dxe4 c4 17. Kb1 d3 18. Qf1 Bxb2 19. Kxb2 cxb3 20. Rc1 Qa5 21. Kxb3 Qb5+ 22. Ka3 Rc6 23. Rxc6 bxc6 24. Qd1 Rb8 0-1

[Event "Alberta op"]
[Site "Calgary CAN"]
[Date "2012.10.06"]
[Round "2.4"]
[White "Haessel, Dale"]
[Black "Porter, Patrick"]
[Result "0-1"]
[WhiteElo "2295"]
[BlackElo "1970"]
[PlyCount "54"]
[GameId "2160767909411892"]
[EventDate "2012.10.06"]
[EventType "swiss"]
[EventRounds "5"]
[EventCountry "CAN"]
[SourceTitle "EXT 2022"]
[Source "ChessBase"]
[SourceDate "2021.10.06"]
[SourceVersion "1"]
[SourceVersionDate "2021.10.06"]
[SourceQuality "1"]

1. d4 e6 2. c4 f5 3. Nf3 Nf6 4. Qc2 Ne4 5. Nbd2 Bb4 6. a3 Bxd2+ 7. Nxd2 Nxd2 8. Bxd2 O-O 9. g3 d6 10. Bg2 e5 11. dxe5 dxe5 12. Bb4 Rf6 13. Bc3 Qe8 14. f4 Nc6 15. O-O-O Rf8 16. Bxc6 Qxc6 17. Bxe5 Be6 18. Qc3 Rf7 19. b3 b5 20. c5 a5 21. Rhe1 a4 22. bxa4 Rxa4 23. Rd8+ Rf8 24. Rxf8+ Kxf8 25. Bxg7+ Kg8 26. Kb2 Qd5 27. Ra1 Rc4 0-1

[Event "Alberta op"]
[Site "Calgary CAN"]
[Date "2012.10.06"]
[Round "2.5"]
[White "Bentley, Bill"]
[Black "Neven, Knut"]
[Result "0-1"]
[WhiteElo "1900"]
[BlackElo "2250"]
[PlyCount "113"]
[GameId "2160767909411893"]
[EventDate "2012.10.06"]
[EventType "swiss"]
[EventRounds "5"]
[EventCountry "CAN"]
[SourceTitle "EXT 2022"]
[Source "ChessBase"]
[SourceDate "2021.10.06"]
[SourceVersion "1"]
[SourceVersionDate "2021.10.06"]
[SourceQuality "1"]

1. d4 Nf6 2. Nf3 g6 3. c4 Bg7 4. Nc3 d5 5. e3 O-O 6. Qb3 c6 7. Bd3 dxc4 8. Bxc4 b5 9. Be2 Be6 10. Qc2 Na6 11. O-O Nb4 12. Qd1 Nbd5 13. a3 Qb6 14. Bd2 a5 15. Rc1 Rfd8 16. Bd3 Nxc3 17. Bxc3 Bd5 18. Qe2 Ne4 19. Rfd1 Rac8 20. Nd2 Nxc3 21. bxc3 e5 22. c4 bxc4 23. Nxc4 Bxc4 24. Bxc4 exd4 25. Qf3 dxe3 26. Bxf7+ Kh8 27. fxe3 Rxd1+ 28. Rxd1 Rf8 29. Rf1 Qc5 30. Qh3 Qd6 31. a4 c5 32. Bc4 Rxf1+ 33. Bxf1 h6 34. Qf3 Kh7 35. Qe4 Qe5 36. Qxe5 Bxe5 37. g3 Kg7 38. Bd3 g5 39. Kf2 g4 40. Bf5 h5 41. h3 gxh3 42. Bxh3 Kf6 43. Kf3 c4 44. Bf1 c3 45. Bd3 Ke6 46. g4 h4 47. g5 h3 48. g6 Kd5 49. Kf2 Kc5 50. g7 Bxg7 51. Kg3 Kb4 52. Bc2 Ka3 53. Kxh3 Kb2 54. Bd3 c2 55. Bxc2 Kxc2 56. Kg4 Kb3 57. Kf5 0-1

[Event "Alberta op"]
[Site "Calgary CAN"]
[Date "2012.10.06"]
[Round "2.11"]
[White "McKim, Chris"]
[Black "Newton, Geoff"]
[Result "1-0"]
[WhiteElo "1488"]
[BlackElo "2050"]
[PlyCount "76"]
[GameId "2160767909411894"]
[EventDate "2012.10.06"]
[EventType "swiss"]
[EventRounds "5"]
[EventCountry "CAN"]
[SourceTitle "EXT 2022"]
[Source "ChessBase"]
[SourceDate "2021.10.06"]
[SourceVersion "1"]
[SourceVersionDate "2021.10.06"]
[SourceQuality "1"]

1. b4 d5 2. Bb2 c6 3. e3 Qb6 4. Bc3 Nf6 5. d3 Bf5 6. Nf3 Nbd7 7. Nbd2 e6 8. a3 Bd6 9. Nb3 e5 10. Be2 O-O 11. h3 Rac8 12. Rb1 Qc7 13. d4 e4 14. Nh4 Be6 15. g4 g6 16. Kd2 b6 17. g5 Ne8 18. Bg4 c5 19. dxc5 bxc5 20. bxc5 Nxc5 21. Bd4 Qe7 22. f4 exf3 23. Nxc5 Bxc5 24. Nxf3 f5 25. gxf6 Nxf6 26. Bxf6 Rxf6 27. Rb3 Bxg4 28. hxg4 Qe4 29. Rh3 Qxg4 30. Qh1 h5 31. Ne5 Rf2+ 32. Kc1 Qe6 33. Qg1 Rf6 34. Rxh5 Rf1+ 35. Qxf1 gxh5 36. Qg2+ Kh7 37. Rb7+ Be7 38. Qg5 Re8 1-0

[Event "Alberta op"]
[Site "Calgary CAN"]
[Date "2012.10.06"]
[Round "2.12"]
[White "Ebrahim Shirazi, Behrooz"]
[Black "Daniluk, Jim"]
[Result "1/2-1/2"]
[WhiteElo "2051"]
[BlackElo "2007"]
[PlyCount "128"]
[GameId "2160767909411895"]
[EventDate "2012.10.06"]
[EventType "swiss"]
[EventRounds "5"]
[EventCountry "CAN"]
[SourceTitle "EXT 2022"]
[Source "ChessBase"]
[SourceDate "2021.10.06"]
[SourceVersion "1"]
[SourceVersionDate "2021.10.06"]
[SourceQuality "1"]

1. d4 Nf6 2. c4 Nc6 3. Nc3 e5 4. d5 Ne7 5. e4 Ng6 6. a3 Bc5 7. h3 O-O 8. Nf3 a5 9. Rb1 d6 10. g3 Ne8 11. b4 Bb6 12. h4 h6 13. h5 Ne7 14. c5 axb4 15. cxb6 bxc3 16. Qb3 f5 17. Nh4 fxe4 18. Qxc3 c6 19. dxc6 Nxc6 20. Ng6 Rf3 21. Be3 Nd4 22. Bg2 Rxa3 23. Qxc8 Rfxe3+ 24. fxe3 Rxe3+ 25. Kf1 Qf6+ 26. Kg1 Qf7 27. Kh2 Nf3+ 28. Bxf3 exf3 29. Rbc1 Re2+ 30. Kh3 f2 31. Rhf1 Re1 32. Rfxe1 fxe1=Q 33. Rxe1 e4 34. Rc1 Kh7 35. Qc4 Qf5+ 36. Kg2 Qf3+ 37. Kh3 Qf5+ 38. Kh2 Qf2+ 39. Kh1 Qf3+ 40. Kg1 Qxg3+ 41. Kf1 Qf3+ 42. Ke1 Qe3+ 43. Kd1 Qg1+ 44. Kc2 Qf2+ 45. Kb3 Qxb6+ 46. Qb4 Qe3+ 47. Rc3 Qe1 48. Rc8 Qd1+ 49. Kb2 Qe2+ 50. Kb1 Qxh5 51. Rxe8 Qxg6 52. Qxe4 Qxe4+ 53. Rxe4 Kg6 54. Kc2 Kf5 55. Kd3 g5 56. Ke3 h5 57. Rb4 d5 58. Rb5 Ke5 59. Rxb7 d4+ 60. Kd3 h4 61. Rb5+ Kf4 62. Kxd4 Kf3 63. Rxg5 h3 64. Rh5 Kg2 1/2-1/2

[Event "Alberta op"]
[Site "Calgary CAN"]
[Date "2012.10.07"]
[Round "3"]
[White "Abdelrhman, Hamid"]
[Black "Yam, Alex"]
[Result "0-1"]
[WhiteElo "2188"]
[BlackElo "2373"]
[PlyCount "62"]
[GameId "2160767909411896"]
[EventDate "2012.10.06"]
[EventType "swiss"]
[EventRounds "5"]
[EventCountry "CAN"]
[SourceTitle "EXT 2022"]
[Source "ChessBase"]
[SourceDate "2021.10.06"]
[SourceVersion "1"]
[SourceVersionDate "2021.10.06"]
[SourceQuality "1"]

1. d4 Nf6 2. c4 c5 3. d5 e6 4. Nc3 exd5 5. cxd5 d6 6. e4 g6 7. h3 a6 8. Nf3 Bg7 9. Bd3 O-O 10. O-O Nbd7 11. a4 Nh5 12. Bg5 Bf6 13. Bh6 Bg7 14. Bxg7 Kxg7 15. Qd2 Qf6 16. Rfe1 Nf4 17. Bf1 Nxh3+ 18. gxh3 Qxf3 19. Bg2 Ne5 20. Bxf3 Nxf3+ 21. Kg2 Nxd2 22. a5 Bd7 23. f4 Rfe8 24. e5 dxe5 25. fxe5 Nc4 26. Ne4 Rxe5 27. Nxc5 Rxd5 28. b4 Bc6 29. Kg3 Rg5+ 30. Kh4 Rg2 31. Rf1 Rd8 0-1

[Event "Alberta op"]
[Site "Calgary CAN"]
[Date "2012.10.07"]
[Round "3"]
[White "Hansen, Eric"]
[Black "Yearwood, Roy"]
[Result "1-0"]
[WhiteElo "2579"]
[BlackElo "2129"]
[PlyCount "59"]
[GameId "2160767909411897"]
[EventDate "2012.10.06"]
[EventType "swiss"]
[EventRounds "5"]
[EventCountry "CAN"]
[SourceTitle "EXT 2022"]
[Source "ChessBase"]
[SourceDate "2021.10.06"]
[SourceVersion "1"]
[SourceVersionDate "2021.10.06"]
[SourceQuality "1"]

1. Nf3 Nf6 2. c4 g6 3. Nc3 Bg7 4. e4 d6 5. d4 O-O 6. h3 e5 7. d5 Na6 8. Bg5 h6 9. Be3 Nc5 10. Nd2 a5 11. Be2 Bd7 12. O-O Qe8 13. b3 Kh7 14. a3 Qe7 15. b4 axb4 16. axb4 Na6 17. Qb3 Nh5 18. c5 dxc5 19. Bxa6 cxb4 20. d6 Qxd6 21. Nc4 Qf6 22. Nd5 Qh4 23. Bxb7 Rxa1 24. Rxa1 Bxh3 25. Bc5 Be6 26. Be7 Qg4 27. Nde3 Qe2 28. Bxf8 Bxf8 29. Bd5 Nf4 30. Rf1 1-0

[Event "Alberta op"]
[Site "Calgary CAN"]
[Date "2012.10.07"]
[Round "3"]
[White "Porter, Patrick"]
[Black "Nguyen, Kim"]
[Result "0-1"]
[WhiteElo "1870"]
[BlackElo "2228"]
[PlyCount "46"]
[GameId "2160767909411898"]
[EventDate "2012.10.06"]
[EventType "swiss"]
[EventRounds "5"]
[EventCountry "CAN"]
[SourceTitle "EXT 2022"]
[Source "ChessBase"]
[SourceDate "2021.10.06"]
[SourceVersion "1"]
[SourceVersionDate "2021.10.06"]
[SourceQuality "1"]

1. e4 c5 2. Nf3 d6 3. d4 cxd4 4. Nxd4 Nf6 5. Nc3 a6 6. Rg1 b5 7. g4 Bb7 8. g5 Nxe4 9. Nxe4 Bxe4 10. Qg4 Bb7 11. Be3 g6 12. O-O-O Qd7 13. Qg3 Bg7 14. Nb3 Qc7 15. Bd4 e5 16. Bc3 Nc6 17. f4 O-O 18. fxe5 Nxe5 19. Ba5 Qe7 20. Bg2 Nc4 21. Bc3 Bxc3 22. Qxc3 Bxg2 23. Rxg2 Qe3+ 0-1

[Event "Alberta op"]
[Site "Calgary CAN"]
[Date "2012.10.07"]
[Round "3.7"]
[White "Newton, Geoff"]
[Black "Lee, Nicholas"]
[Result "1/2-1/2"]
[WhiteElo "2050"]
[BlackElo "1750"]
[PlyCount "64"]
[GameId "2160767909411899"]
[EventDate "2012.10.06"]
[EventType "swiss"]
[EventRounds "5"]
[EventCountry "CAN"]
[SourceTitle "EXT 2022"]
[Source "ChessBase"]
[SourceDate "2021.10.06"]
[SourceVersion "1"]
[SourceVersionDate "2021.10.06"]
[SourceQuality "1"]

1. d4 Nf6 2. c4 g6 3. Nc3 d5 4. cxd5 Nxd5 5. e4 Nxc3 6. bxc3 Bg7 7. Bb5+ c6 8. Ba4 O-O 9. Ne2 e5 10. O-O Be6 11. Be3 f5 12. Bb3 Qd6 13. dxe5 Qxe5 14. Bd4 Qxe4 15. Ng3 Bxb3 16. Qxb3+ Qd5 17. Qxb7 Nd7 18. Bxg7 Rfb8 19. Qc7 Rc8 20. Qf4 Kxg7 21. Rad1 Qf7 22. Rd6 Nf6 23. Qa4 Qb7 24. Rfd1 Qb5 25. Qd4 Rf8 26. c4 Qb6 27. Qh4 Rad8 28. Nxf5+ Kg8 29. Rxd8 Rxd8 30. Rxd8+ Qxd8 31. Qd4 Qa5 32. Ng3 Kf7 1/2-1/2

[Event "Alberta op"]
[Site "Calgary CAN"]
[Date "2012.10.07"]
[Round "3.8"]
[White "Daniluk, Jim"]
[Black "Harris, Adam"]
[Result "1-0"]
[WhiteElo "2007"]
[BlackElo "1805"]
[PlyCount "34"]
[GameId "2160767909411900"]
[EventDate "2012.10.06"]
[EventType "swiss"]
[EventRounds "5"]
[EventCountry "CAN"]
[SourceTitle "EXT 2022"]
[Source "ChessBase"]
[SourceDate "2021.10.06"]
[SourceVersion "1"]
[SourceVersionDate "2021.10.06"]
[SourceQuality "1"]

1. d4 Nf6 2. c4 e6 3. Nf3 Bb4+ 4. Nbd2 O-O 5. g3 c5 6. dxc5 Bxc5 7. Bg2 d5 8. O-O Nc6 9. a3 a5 10. Qc2 Qe7 11. b3 e5 12. cxd5 Nxd5 13. Ng5 Nf6 14. Nde4 Nxe4 15. Nxe4 Bd4 16. Ng5 g6 17. Rb1 Bf5 1-0

[Event "Alberta op"]
[Site "Calgary CAN"]
[Date "2012.10.07"]
[Round "3.11"]
[White "Karmali, Hafiz"]
[Black "Dunn, Garth"]
[Result "1-0"]
[WhiteElo "1805"]
[BlackElo "1706"]
[PlyCount "54"]
[GameId "2160767909411901"]
[EventDate "2012.10.06"]
[EventType "swiss"]
[EventRounds "5"]
[EventCountry "CAN"]
[SourceTitle "EXT 2022"]
[Source "ChessBase"]
[SourceDate "2021.10.06"]
[SourceVersion "1"]
[SourceVersionDate "2021.10.06"]
[SourceQuality "1"]

1. e4 c5 2. Nc3 Nc6 3. f4 e6 4. Nf3 a6 5. g3 Bd6 6. e5 Bc7 7. Ne4 Nge7 8. Nxc5 O-O 9. d4 d6 10. exd6 Bxd6 11. Ne4 Bc7 12. c3 b5 13. Bd3 f6 14. O-O Qe8 15. Nh4 e5 16. fxe5 fxe5 17. Rxf8+ Qxf8 18. Ng5 g6 19. Nxh7 Kxh7 20. Qh5+ Kg8 21. Nxg6 Qg7 22. Bh6 Bg4 23. Qxg4 Qxh6 24. Nxe7+ Kf7 25. Nxc6 Qe3+ 26. Kg2 Qxd3 27. Rf1+ Ke8 1-0

[Event "Alberta op"]
[Site "Calgary CAN"]
[Date "2012.10.07"]
[Round "3.12"]
[White "Palardy, Patrick"]
[Black "Bentley, Bill"]
[Result "1-0"]
[WhiteElo "1699"]
[BlackElo "1900"]
[PlyCount "49"]
[GameId "2160767909411902"]
[EventDate "2012.10.06"]
[EventType "swiss"]
[EventRounds "5"]
[EventCountry "CAN"]
[SourceTitle "EXT 2022"]
[Source "ChessBase"]
[SourceDate "2021.10.06"]
[SourceVersion "1"]
[SourceVersionDate "2021.10.06"]
[SourceQuality "1"]

1. e4 e6 2. d4 d5 3. Nc3 Nf6 4. Bg5 Bb4 5. e5 h6 6. Bxf6 gxf6 7. exf6 Qxf6 8. Nf3 c5 9. Bb5+ Bd7 10. O-O Nc6 11. Re1 O-O-O 12. Ne5 Nxe5 13. dxe5 Qg5 14. Bxd7+ Rxd7 15. a3 Ba5 16. b4 Rg8 17. g3 cxb4 18. Nb5 a6 19. Nd6+ Kb8 20. Ne4 Qxe5 21. Nc5 Qd6 22. Nxd7+ Qxd7 23. axb4 Bxb4 24. Re3 Ka7 25. Qd4+ 1-0

[Event "Alberta op"]
[Site "Calgary CAN"]
[Date "2012.10.07"]
[Round "3.14"]
[White "Shi, Diwen"]
[Black "Viminitz, Paul"]
[Result "1-0"]
[WhiteElo "1844"]
[BlackElo "1533"]
[PlyCount "38"]
[GameId "2160767909411903"]
[EventDate "2012.10.06"]
[EventType "swiss"]
[EventRounds "5"]
[EventCountry "CAN"]
[SourceTitle "EXT 2022"]
[Source "ChessBase"]
[SourceDate "2021.10.06"]
[SourceVersion "1"]
[SourceVersionDate "2021.10.06"]
[SourceQuality "1"]

1. e4 d6 2. d4 Nf6 3. Nc3 g6 4. f3 Bg7 5. Be3 O-O 6. Qd2 b6 7. Bh6 e5 8. Bxg7 Kxg7 9. d5 Bb7 10. h4 h5 11. O-O-O Nbd7 12. Be2 Rh8 13. Nh3 Nh7 14. Nf2 g5 15. g4 f6 16. gxh5 gxh4 17. Rdg1+ Kf7 18. Qh6 Ng5 19. Qg6+ Ke7 1-0

[Event "Alberta op"]
[Site "Calgary CAN"]
[Date "2012.10.07"]
[Round "3.15"]
[White "Jackiw, Mark"]
[Black "Schibler, Jordan"]
[Result "0-1"]
[WhiteElo "1498"]
[BlackElo "1844"]
[PlyCount "52"]
[GameId "2160767909411904"]
[EventDate "2012.10.06"]
[EventType "swiss"]
[EventRounds "5"]
[EventCountry "CAN"]
[SourceTitle "EXT 2022"]
[Source "ChessBase"]
[SourceDate "2021.10.06"]
[SourceVersion "1"]
[SourceVersionDate "2021.10.06"]
[SourceQuality "1"]

1. c4 e5 2. f4 exf4 3. Nf3 g5 4. Qc2 f6 5. d4 d6 6. Nc3 Ne7 7. e4 Nbc6 8. Bd2 g4 9. d5 gxf3 10. dxc6 fxg2 11. Bxg2 Nxc6 12. O-O-O Bh6 13. Rdf1 Be6 14. Nd5 Bxd5 15. exd5 Ne5 16. Bh3 O-O 17. Be6+ Kh8 18. Bxf4 Bxf4+ 19. Rxf4 Qe8 20. Rh4 Qg6 21. Qxg6 Nxg6 22. Rh6 Kg7 23. Rh3 f5 24. Rg1 Rf6 25. Rb3 b6 26. h4 Kh6 0-1

[Event "Alberta op"]
[Site "Calgary CAN"]
[Date "2012.10.07"]
[Round "3.16"]
[White "Ma, Bryan"]
[Black "Ebrahim Shirazi, Behrooz"]
[Result "0-1"]
[WhiteElo "827"]
[BlackElo "2051"]
[PlyCount "90"]
[GameId "2160767909411905"]
[EventDate "2012.10.06"]
[EventType "swiss"]
[EventRounds "5"]
[EventCountry "CAN"]
[SourceTitle "EXT 2022"]
[Source "ChessBase"]
[SourceDate "2021.10.06"]
[SourceVersion "1"]
[SourceVersionDate "2021.10.06"]
[SourceQuality "1"]

1. d4 d5 2. c4 e6 3. Nc3 Be7 4. Nf3 Nf6 5. Bg5 h6 6. Bh4 O-O 7. e3 b6 8. cxd5 Nxd5 9. Bxe7 Qxe7 10. Nxd5 exd5 11. Qd2 Be6 12. Bb5 Rc8 13. O-O c5 14. Rac1 a6 15. Be2 c4 16. Ne5 Nd7 17. Nxd7 Qxd7 18. Bf3 Rab8 19. e4 dxe4 20. Bxe4 Bd5 21. Qf4 Bxe4 22. Qxe4 Re8 23. Qf4 Qd5 24. Rfe1 Rxe1+ 25. Rxe1 Rd8 26. Rd1 Rd6 27. f3 Re6 28. Kf2 b5 29. Re1 Rxe1 30. Kxe1 a5 31. Qe4 Qxe4+ 32. fxe4 h5 33. a3 b4 34. Kd2 Kf8 35. a4 Ke7 36. d5 Kd6 37. h4 f5 38. Ke3 c3 39. bxc3 b3 40. e5+ Kxe5 41. Kd3 Kxd5 42. c4+ Kc5 43. Kc3 b2 44. Kxb2 Kxc4 45. Ka3 f4 0-1

[Event "Alberta op"]
[Site "Calgary CAN"]
[Date "2012.10.07"]
[Round "3.17"]
[White "Zhao, Ian"]
[Black "Milne, Arthur"]
[Result "1-0"]
[WhiteElo "1103"]
[BlackElo "1775"]
[PlyCount "29"]
[GameId "2160767909411906"]
[EventDate "2012.10.06"]
[EventType "swiss"]
[EventRounds "5"]
[EventCountry "CAN"]
[SourceTitle "EXT 2022"]
[Source "ChessBase"]
[SourceDate "2021.10.06"]
[SourceVersion "1"]
[SourceVersionDate "2021.10.06"]
[SourceQuality "1"]

1. e4 c5 2. c3 e5 3. Nf3 Nc6 4. d4 cxd4 5. cxd4 exd4 6. Nxd4 Bb4+ 7. Nc3 Qe7 8. Qd3 Nf6 9. Nxc6 dxc6 10. f3 O-O 11. Be2 Bc5 12. Be3 Be6 13. O-O-O Rad8 14. Bxc5 Qxc5 15. Qxd8 1-0

[Event "Alberta op"]
[Site "Calgary CAN"]
[Date "2012.10.07"]
[Round "3.18"]
[White "Malinowski, Julian"]
[Black "Wu, Chen"]
[Result "0-1"]
[WhiteElo "1386"]
[BlackElo "1112"]
[PlyCount "106"]
[GameId "2160767909411907"]
[EventDate "2012.10.06"]
[EventType "swiss"]
[EventRounds "5"]
[EventCountry "CAN"]
[SourceTitle "EXT 2022"]
[Source "ChessBase"]
[SourceDate "2021.10.06"]
[SourceVersion "1"]
[SourceVersionDate "2021.10.06"]
[SourceQuality "1"]

1. e4 c5 2. Nf3 d6 3. d4 cxd4 4. Nxd4 g6 5. Bg5 Bg7 6. Bd3 Bxd4 7. Bb5+ Bd7 8. Bxd7+ Nxd7 9. Qxd4 Ngf6 10. O-O O-O 11. Bh6 Re8 12. c4 Qb6 13. Qd2 Nxe4 14. Qc2 Ndf6 15. Nc3 Nxc3 16. Qxc3 Rac8 17. b3 d5 18. Rad1 dxc4 19. bxc4 Qc5 20. Rd4 b5 21. Rc1 Red8 22. Rxd8+ Rxd8 23. Be3 Qc7 24. f3 bxc4 25. Qxc4 Qxc4 26. Rxc4 Rd1+ 27. Kf2 Ra1 28. a4 Kf8 29. Bxa7 Ke8 30. Ke3 Ra2 31. Bb6 Nd5+ 32. Kd4 Nxb6 33. Rb4 Rxa4 34. Kc5 Rxb4 35. Kxb4 f5 36. Kc5 Nd7+ 37. Kd5 Kf7 38. h3 Kf6 39. Kd4 e5+ 40. Ke3 g5 41. g4 f4+ 42. Ke4 Nf8 43. Kd5 Ng6 44. Ke4 Nh4 45. Kd3 Nxf3 46. Ke4 Ng1 47. Kd3 Nxh3 48. Ke2 Kg6 49. Kf3 h5 50. gxh5+ Kxh5 51. Kg2 e4 52. Kh2 f3 53. Kg3 f2 0-1

[Event "Alberta-ch"]
[Site "Edmonton CAN"]
[Date "2012.04.07"]
[Round "2"]
[White "Reeve, Jeff"]
[Black "Pechenkin, Vladimir"]
[Result "0-1"]
[WhiteElo "2244"]
[BlackElo "2309"]
[PlyCount "82"]
[GameId "2160767909509841"]
[EventDate "2012.04.06"]
[EventType "tourn"]
[EventRounds "5"]
[EventCountry "CAN"]
[SourceTitle "EXT 2022"]
[Source "ChessBase"]
[SourceDate "2021.10.06"]
[SourceVersion "1"]
[SourceVersionDate "2021.10.06"]
[SourceQuality "1"]

1. e4 Nf6 2. e5 Nd5 3. d4 d6 4. c4 Nb6 5. f4 g6 6. Nc3 Bg7 7. Be3 Be6 8. d5 Bf5 9. Nf3 O-O 10. Be2 Bg4 11. Qd2 c6 12. O-O cxd5 13. cxd5 Bxf3 14. Rxf3 dxe5 15. fxe5 Bxe5 16. Bh6 N8d7 17. Raf1 Nf6 18. Bxf8 Qxf8 19. Bd1 Rd8 20. Bb3 Nc8 21. Qg5 Bd4+ 22. Kh1 Nd6 23. Qf4 Bb6 24. g4 Bc7 25. h3 Bb8 26. Qe3 h5 27. g5 Nfe8 28. Ne4 Nf5 29. Qd3 Qg7 30. Rxf5 gxf5 31. Ng3 Bxg3 32. Qxg3 Nd6 33. h4 Qxb2 34. Qf4 Rc8 35. g6 fxg6 36. Rg1 Qf6 37. Re1 Kf7 38. Re2 b5 39. Kg2 a5 40. Qh6 Rh8 41. Qe3 a4 0-1

[Event "Alberta-ch"]
[Site "Edmonton CAN"]
[Date "2012.04.08"]
[Round "4"]
[White "Kazmaier, Daniel"]
[Black "Pechenkin, Vladimir"]
[Result "1-0"]
[WhiteElo "2204"]
[BlackElo "2309"]
[PlyCount "113"]
[GameId "2160767909509845"]
[EventDate "2012.04.06"]
[EventType "tourn"]
[EventRounds "5"]
[EventCountry "CAN"]
[SourceTitle "EXT 2022"]
[Source "ChessBase"]
[SourceDate "2021.10.06"]
[SourceVersion "1"]
[SourceVersionDate "2021.10.06"]
[SourceQuality "1"]

1. e4 Nf6 2. e5 Nd5 3. d4 d6 4. Nf3 dxe5 5. Nxe5 c6 6. Bd3 Nd7 7. Nxd7 Bxd7 8. c4 Nf6 9. Nd2 Bg4 10. Nf3 Bxf3 11. Qxf3 Qxd4 12. O-O Qg4 13. Qe3 e6 14. Bd2 Bd6 15. h3 Qh4 16. Rac1 c5 17. f4 Rd8 18. g4 Nxg4 19. hxg4 Qxg4+ 20. Kf2 Bxf4 21. Qxf4 Qxf4+ 22. Bxf4 Rxd3 23. Rg1 Rg8 24. Be5 g5 25. Rh1 g4 26. Rxh7 Rf3+ 27. Kg2 Rg5 28. Rh8+ Ke7 29. Bg3 Rgf5 30. Rd1 Kf6 31. Rg8 Re3 32. Rd2 Re4 33. b3 b6 34. Ra8 Rf3 35. Rxa7 Kg5 36. Bc7 f5 37. Bxb6 Kf4 38. Bxc5 Rg3+ 39. Kf1 Rf3+ 40. Kg1 Rg3+ 41. Kf1 Rf3+ 42. Bf2 g3 43. c5 Rc3 44. Bd4 Rc1+ 45. Kg2 e5 46. Bg1 Ree1 47. Ra4+ Kg5 48. Bd4 exd4 49. Kxg3 f4+ 50. Kf2 Rf1+ 51. Kg2 Rg1+ 52. Kf3 Rgf1+ 53. Ke4 f3 54. Kxd4 f2 55. Ke3 Rxc5 56. Rxf2 Re5+ 57. Kd4 1-0

[Event "Alberta-ch"]
[Site "Edmonton CAN"]
[Date "2012.04.08"]
[Round "4"]
[White "Reeve, Jeff"]
[Black "Porper, Edward"]
[Result "1/2-1/2"]
[WhiteElo "2244"]
[BlackElo "2438"]
[PlyCount "107"]
[GameId "2160767909509846"]
[EventDate "2012.04.06"]
[EventType "tourn"]
[EventRounds "5"]
[EventCountry "CAN"]
[SourceTitle "EXT 2022"]
[Source "ChessBase"]
[SourceDate "2021.10.06"]
[SourceVersion "1"]
[SourceVersionDate "2021.10.06"]
[SourceQuality "1"]

1. e4 e6 2. d4 d5 3. Nd2 c5 4. exd5 Qxd5 5. Ngf3 cxd4 6. Bc4 Qd6 7. O-O Nf6 8. Nb3 Nc6 9. Nbxd4 Nxd4 10. Nxd4 a6 11. c3 Qc7 12. Qe2 Bd6 13. Nf3 O-O 14. Bg5 Ng4 15. h3 Nh2 16. Nxh2 Bxh2+ 17. Kh1 Bf4 18. Bxf4 Qxf4 19. Rad1 b5 20. Rd4 Qf6 21. Bd3 Bb7 22. Be4 Bxe4 23. Qxe4 Rfd8 24. Rfd1 g6 25. Kg1 Kg7 26. a4 Rxd4 27. Rxd4 Rb8 28. a5 e5 29. Rd5 Re8 30. Kf1 Re6 31. b4 Qf4 32. Qxf4 exf4 33. Rc5 Kf6 34. c4 bxc4 35. Rxc4 g5 36. Rc5 h6 37. b5 axb5 38. Rxb5 Ke7 39. Rb6 Rxb6 40. axb6 Kd6 41. Ke2 Kc6 42. Kd3 Kxb6 43. Kd4 Kc6 44. Ke5 Kd7 45. Kf6 Ke8 46. Kg7 Ke7 47. Kxh6 f6 48. Kh5 Ke6 49. h4 gxh4 50. Kxh4 Ke5 51. f3 Kd4 52. Kg4 Ke3 53. Kf5 Kf2 54. Kxf4 1/2-1/2

[Event "Alberta-ch"]
[Site "Edmonton CAN"]
[Date "2012.04.08"]
[Round "4"]
[White "Wang, Richard"]
[Black "Yam, Alex"]
[Result "1-0"]
[WhiteElo "2289"]
[BlackElo "2246"]
[PlyCount "103"]
[GameId "2160767909509847"]
[EventDate "2012.04.06"]
[EventType "tourn"]
[EventRounds "5"]
[EventCountry "CAN"]
[SourceTitle "EXT 2022"]
[Source "ChessBase"]
[SourceDate "2021.10.06"]
[SourceVersion "1"]
[SourceVersionDate "2021.10.06"]
[SourceQuality "1"]

1. d4 g6 2. Nf3 Bg7 3. c4 Nf6 4. Nc3 c5 5. d5 d6 6. h3 e6 7. e4 exd5 8. cxd5 O-O 9. Bd3 a6 10. a4 Nbd7 11. O-O Nh5 12. Re1 Re8 13. Bg5 Bf6 14. Be3 Rb8 15. Qd2 Ne5 16. Nxe5 Bxe5 17. f4 Bg7 18. g4 Nf6 19. Bf2 Qa5 20. Qc2 Nd7 21. Reb1 h6 22. Be3 Bf6 23. Rf1 Qb4 24. e5 dxe5 25. fxe5 Nxe5 26. Rxf6 Nxg4 27. Rf4 Nxe3 28. Qf2 c4 29. Re1 Bf5 30. Rxe3 Rxe3 31. Qxe3 Bxd3 32. Qxd3 Qxb2 33. Qxc4 Re8 34. Ne4 b5 35. axb5 axb5 36. Qd3 f5 37. Nd2 Qc1+ 38. Kg2 Qd1 39. Qc3 Re1 40. Rf1 Re2+ 41. Rf2 Qe1 42. Rxe2 Qxe2+ 43. Kg3 g5 44. Nf3 f4+ 45. Kg4 Qg2+ 46. Kf5 Qxh3+ 47. Ke5 b4 48. Qb3 Kf8 49. Qxb4+ Ke8 50. Qb8+ Kd7 51. Qb7+ Kd8 52. Kd6 1-0